Statistiques concernant Pays qui produisent le plus de blé

Cliquez ici pour prendre le quiz!

Statistiques générales

  • Ce quiz a été pris 4,156 fois
  • Le résultat moyen est 8 sur 10

Statistiques - réponses

Tonnes Pays % Correct
55,4 MEtats-Unis
97%
126 MChine
96%
39,0 MFrance
96%
59,7 MRussie
91%
27,8 MAllemagne
86%
94,5 MInde
86%
29,3 MCanada
83%
25,3 MAustralie
62%
24,1 MUkraine
56%
26,0 MPakistan
33%

Distribution des résultats

Percentile by Number Answered

% des personnes avec chaque résultat

Votre développement - résultats

Vous n’avez pas pris ce quiz